|
|
|
|
| LEADER |
00000nam0a2200000 4500 |
| 001 |
99073 |
| 005 |
20231101214227.0 |
| 035 |
|
|
|a (RuTPU)RU\TPU\book\106247
|
| 090 |
|
|
|a 99073
|
| 100 |
|
|
|a 20060627d1967 k y0rusy50 ca
|
| 101 |
0 |
|
|a rus
|
| 102 |
|
|
|a RU
|
| 105 |
|
|
|a a z 001zy
|
| 200 |
1 |
|
|a Химическая литература и пользование ею
|f А. П. Терентьев, Л. А. Яновская
|
| 205 |
|
|
|a 2-е изд., перераб. и доп.
|
| 210 |
|
|
|a Москва
|c Химия
|d 1967
|
| 215 |
|
|
|a 327 с.
|c ил.
|
| 320 |
|
|
|a Авторский указатель: с. 306-327
|
| 606 |
1 |
|
|a Химия
|2 stltpush
|3 (RuTPU)RU\TPU\subj\17362
|9 43035
|
| 606 |
1 |
|
|a Библиографические пособия
|x По химии
|2 stltpush
|3 (RuTPU)RU\TPU\subj\28562
|9 52080
|
| 610 |
1 |
|
|a справочные издания
|
| 610 |
1 |
|
|a периодические издания
|
| 610 |
1 |
|
|a реферативные журналы
|
| 610 |
1 |
|
|a учебная литература
|
| 610 |
1 |
|
|a научная литература
|
| 610 |
1 |
|
|a производственно-техническая литература
|
| 610 |
1 |
|
|a методы работы
|
| 610 |
1 |
|
|a самостоятельные работы
|
| 610 |
1 |
|
|a справочные пособия
|
| 675 |
|
|
|a 54(01)
|v 3
|
| 686 |
|
|
|a Я19:54
|v LBC/SL-A
|2 rubbk
|
| 700 |
|
1 |
|a Терентьев
|b А. П.
|
| 701 |
|
1 |
|a Яновская
|b Л. А.
|
| 801 |
|
1 |
|a RU
|b 63413507
|c 20060627
|g PSBO
|
| 801 |
|
2 |
|a RU
|b 63413507
|c 20220819
|g RCR
|
| 942 |
|
|
|c BK
|